Sức hấp dẫn của nhà quản trị = Excutive Charisma

Giới thiệu các bước hoàn thiện, chuyển đổi bản thân từ một nhà quản lí có năng lực thành một nhà lãnh đạo thực thụ. Đưa ra cách suy nghĩ, hành xử, giao tiếp và các kĩ năng để trở thành nhà quản trị tài giỏi...

Descripción completa

Guardado en:
Detalles Bibliográficos
Autor principal: Benton, D. A.
Formato: Libro
Lenguaje:Undetermined
Publicado: Thành phố Hồ Chí Minh Tổng hợp Thành phố Hồ Chí Minh 2008
Materias:
Etiquetas: Agregar Etiqueta
Sin Etiquetas, Sea el primero en etiquetar este registro!
Thư viện lưu trữ: Trung tâm Học liệu Trường Đại học Cần Thơ
LEADER 01037nam a2200217Ia 4500
001 CTU_210669
008 210402s9999 xx 000 0 und d
020 |c 57000 
082 |a 658.409 
082 |b B478 
100 |a Benton, D. A. 
245 0 |a Sức hấp dẫn của nhà quản trị = 
245 0 |b Excutive Charisma 
245 0 |c D. A. Benton ; Lê Thị Cẩm (dịch) 
260 |a Thành phố Hồ Chí Minh 
260 |b Tổng hợp Thành phố Hồ Chí Minh 
260 |c 2008 
520 |a Giới thiệu các bước hoàn thiện, chuyển đổi bản thân từ một nhà quản lí có năng lực thành một nhà lãnh đạo thực thụ. Đưa ra cách suy nghĩ, hành xử, giao tiếp và các kĩ năng để trở thành nhà quản trị tài giỏi 
650 |a Executive ability,Khả năng điều hành 
904 |i Võ Thị Việt Trinh,Hải 
980 |a Trung tâm Học liệu Trường Đại học Cần Thơ